| 000 | 00884nam a2200253 i 4500 | ||
|---|---|---|---|
| 001 | 186501 | ||
| 003 | SpMaBN | ||
| 005 | 20230906222701.0 | ||
| 008 | 161118s1997 sp ao c |||| |dspa d | ||
| 020 | _a84-7846-628-2 | ||
| 080 | _a75 Tur, Josep (064.3) | ||
| 080 | _a74 Tur, Josep (064.3) | ||
| 100 | 1 |
_aTur, Josep. _9161321 |
|
| 245 | 1 | 0 |
_aJosep Tur _b: exposición antológica : [Iglesia del Monasterio de Nuestra Sra. de Prado, Valladolid, 1997]. |
| 246 | 3 | 4 |
_aJosep Tur _b: entre sombras y deslumbramientos |
| 260 |
_a[Valladolid] : _bJunta de Castilla y León, _c[1997] |
||
| 300 |
_a125 p. : _bil. col., fot. ; _c28 cm. |
||
| 600 | 1 | 7 |
_aTur, Josep- _vExposiciones. _9161322 |
| 655 | 7 |
_2tgfbne _9193628 _aCatálogos de exposiciones |
|
| 710 | 1 |
_aCastilla y León. _bJunta. _92501 |
|
| 852 |
_aES-MaACL _jL-30845 |
||
| 942 | _2udc | ||
| 999 |
_c186501 _d186501 |
||